Better land husbandry from soil conservation to holistic land management /

Bibliographic Details
Main Author: Hellin, Jon, 1965-
Corporate Author: ProQuest (Firm)
Format: Electronic eBook
Language:English
Published: Enfield, NH : Science Publishers, c2006.
Series:Land reconstruction and management ; v. 4.
Subjects:
Online Access:Click to View
LEADER 01491nam a22003854a 4500
001 EBC3404286
003 MiAaPQ
005 20200520144314.0
006 m o d |
007 cr cn|||||||||
008 050830s2006 nhuabf sb 001 0 eng
010 |z  2005054083 
020 |z 1578082447 (pbk.) 
035 |a (MiAaPQ)EBC3404286 
035 |a (Au-PeEL)EBL3404286 
035 |a (CaPaEBR)ebr10256239 
035 |a (CaONFJC)MIL693152 
035 |a (OCoLC)646769404 
040 |a MiAaPQ  |c MiAaPQ  |d MiAaPQ 
050 4 |a S623  |b .H398 2006 
082 0 4 |a 631.4/5  |2 22 
100 1 |a Hellin, Jon,  |d 1965- 
245 1 0 |a Better land husbandry  |h [electronic resource] :  |b from soil conservation to holistic land management /  |c Jon Hellin. 
260 |a Enfield, NH :  |b Science Publishers,  |c c2006. 
300 |a xiv, 315 p., 8 p. of plates :  |b ill. (some col.), map. 
490 1 |a Land reconstruction and management series ;  |v v. 4 
504 |a Includes bibliographical references (p. [268]-309) and index. 
533 |a Electronic reproduction. Ann Arbor, MI : ProQuest, 2015. Available via World Wide Web. Access may be limited to ProQuest affiliated libraries. 
650 0 |a Soil conservation. 
650 0 |a Soil productivity. 
650 0 |a Land use, Rural  |x Planning. 
655 4 |a Electronic books. 
710 2 |a ProQuest (Firm) 
830 0 |a Land reconstruction and management ;  |v v. 4. 
856 4 0 |u https://ebookcentral.proquest.com/lib/matrademy/detail.action?docID=3404286  |z Click to View